Человеческий капитал. 2020, № 4 (136) (спец. вып.): Материалы V Международной научно-практической конференции "Актуализация инновационной стратегии и практики современной образовательной организации высшего образования на основе цифровизации ее миссии", (2 апреля 2020 г.) (Запись № 11422703)

Подробности
000 -МАРКЕР
контрольное поле 01887nam2a2200253 4500
001 - ИДЕНТИФИКАТОР ЗАПИСИ
контрольное поле RU\NLR\PER_A\002956038_001900
005 - ИДЕНТИФИКАТОР ВЕРСИИ
контрольное поле 20260409080416.0
035 ## - ДРУГИЕ СИСТЕМНЫЕ НОМЕРА
Идентификатор записи (NLR Aleph) 012321237
100 ## - ДАННЫЕ ОБЩЕЙ ОБРАБОТКИ
Данные общей обработки 20200826d2020 |||y0rusy50 ca
101 0# - ЯЗЫК РЕСУРСА
Язык текста, звукозаписи и т.д. русский
102 ## - СТРАНА ПУБЛИКАЦИИ ИЛИ ПРОИЗВОДСТВА
Страна публикации Российская Федерация
200 1# - ЗАГЛАВИЕ И СВЕДЕНИЯ ОБ ОТВЕТСТВЕННОСТИ
Основное заглавие Материалы V Международной научно-практической конференции "Актуализация инновационной стратегии и практики современной образовательной организации высшего образования на основе цифровизации ее миссии", (2 апреля 2020 г.)
210 ## - ПУБЛИКАЦИЯ, РАСПРОСТРАНЕНИЕ И ДР.
Дата издания, распространения и т.д. 2020
Место издания, распространения и т.д. Б. м.
461 #0 - УРОВЕНЬ НАБОРА
Встроенное поле 001RU\NLR\Per\708593
-- 2001#$aЧеловеческий капитал$eежемесячный научно-практический журнал$v2020, № 4 (136) (спец. вып.)
Системный номер (АБИС) связанной записи 3930507
Место публикации Москва
Дата публикации 2010 -
Имя издателя, распространителя и т.д. [б. и.]
Сведения, относящиеся к заглавию ежемесячный научно-практический журнал
Заглавие Человеческий капитал
ISSN 2074-2029
Номер тома 2020, № 4 (136) (спец. вып.)
606 ## - НАИМЕНОВАНИЕ ТЕМЫ КАК ПРЕДМЕТ
Наименование темы Высшее образование
Тематический подзаголовок Инновации
Формальный подзаголовок Съезды, совещания и т.п
Идентификатор авторитетной/нормативной записи RU\NLR\AUTH\6601752542
Системный номер авторитетной/нормативной записи 2664515
686 1# - ИНДЕКСЫ ДРУГИХ КЛАССИФИКАЦИЙ
Индекс Ч481.2я431
710 12 - НАИМЕНОВАНИЕ ОРГАНИЗАЦИИ - ПЕРВИЧНАЯ ОТВЕТСТВЕННОСТЬ
Начальный элемент ввода "Актуализация инновационной стратегии и практики современной образовательной организации высшего образования на основе цифровизации ее миссии", международная научно-практическая конференция
Порядковый номер временной организации и / или порядковый номер ее части 5
Место проведения временной организации Москва
Дата проведения временной организации 2020
Системный номер авторитетной/нормативной записи 711481
Идентификатор авторитетной/нормативной записи RU\NLR\AUTH\880525001
852 ## - МЕСТОНАХОЖДЕНИЕ И ШИФР ХРАНЕНИЯ
Идентификатор организации NLR
Шифр хранения (Call Number) П23/7967
942 ## - ДОПОЛНИТЕЛЬНЫЕ ЭЛЕМЕНТЫ ЗАПИСИ (АБИС)
Тип экземпляра АБИС Выпуск
980 ## - КОЛЛЕКЦИЯ
Название коллекции Национальная библиография
980 ## - КОЛЛЕКЦИЯ
Название коллекции Русская периодика

Нет доступных экземпляров.